| 000 | 01246cam a2200349 4500 | ||
|---|---|---|---|
| 001 | WB4016-15 | ||
| 008 | 040427n2004 000 0 eng u | ||
| 035 | _a(Sirsi) u126021 | ||
| 245 | _aQuiet revolution in English cities | ||
| 260 | _c2004 | ||
| 490 |
_aPlanning (for the Natural and Built Environment) _v(1566) 23 April 2004, 2(1) |
||
| 520 | _a"Making it happen: a tale of eight cities" published by the ODPM provides a progress report on the urban renaissance being enjoyed by England's eight major cities outside London. It records record private and public investment, more jobs and people moving back to city centres. The report is available at http://www.odpm.gov.uk/stellent/groups/odpm_urbanp olicy/documents/page/odpm_urbpol_028315.pdf. | ||
| 590 | _aWB | ||
| 590 | _aWB | ||
| 650 | _aCORE CITIES | ||
| 650 | _aCITY CENTRES | ||
| 650 | _aSHEFFIELD | ||
| 650 | _aBRISTOL | ||
| 650 | _aBIRMINGHAM | ||
| 650 | _aLEEDS | ||
| 650 | _aLIVERPOOL | ||
| 650 | _aBRISTOL | ||
| 650 | _aMANCHESTER | ||
| 650 | _aNEWCASTLE | ||
| 650 | _aNEWCASTLE | ||
| 650 | _aNOTTINGHAM | ||
| 650 | _aURBAN RENAISSANCE | ||
| 650 | _aPUBLIC INVESTMENT | ||
| 650 | _aPRIVATE INVESTMENT | ||
| 690 | _aREGENERATION | ||
| 942 | _n0 | ||
| 999 |
_c117253 _d117253 |
||